000 00627nam a22002175i 4500
001 172337
003 ES-MaACL
005 20240616063032.0
008 090625s2006 sp |||| | spa d
020 _a84-96304-98-1
080 _a821.134.2-34"19"
100 1 _aLlamazares, Julio,
_d1955-
_972675
245 1 0 _aModernos y elegantes /
_cJulio Llamazares.
250 _a1ยช ed.
260 _aRivas-Vaciamadrid :
_bH Kliczkowski,
_c2006.
300 _a62 p. ;
_c20 cm.
490 1 _aMini letras
830 0 _aMini letras
_9223304
852 _aES-MaACL
_j2252-F-2
_9R.143477
999 _c172337
_d172337